Top Gun Nicknames Quiz Stats

 Plays Quiz Updated Nov 14, 2018

Support Sporcle.
Go Orange.
Score 0/11 Timer 04:00
1 Play Today
Actor Nickname % Correct
Tom CruiseMaverick
94.8%
Val KilmerIce Man
94.3%
Anthony EdwardsGoose
94.2%
Tom SkerrittViper
51.2%
Michael IronsideJester
45%
Tim RobbinsMerlin
42.5%
Whip HubleyHollywood
34.2%
Rick RossovichSlider
34%
Barry TubbWolfman
32.4%
John StockwellCougar
31.3%
James TolkanStinger
7.6%

You're not logged in!

Compare scores with friends on all Sporcle quizzes.
OR
Log In
Forgot?

From the Vault

Anything but Capitals

by JohnFran

Geography 60s
so without capitals, do we have to type everything lowercase now?
Remove Ads.
Support Sporcle.
Get the best of Sporcle when you Go Orange. This ad-free experience offers more features, more stats, and more fun while also helping to support Sporcle. Thank you for becoming a member.

Show Comments

Extras

Top Quizzes Today


Score Distribution

Your Account Isn't Verified!

In order to create a playlist on Sporcle, you need to verify the email address you used during registration. Go to your Sporcle Settings to finish the process.

Report this User

Report this user for behavior that violates our Community Guidelines.

Details: